Biblioteca

Recovering Judaism (Registro nro. 47016)

Detalles MARC
000 -LÍDER
Campo fijo de descripción fija 012710000a22003010004500
001 - NÚMERO DE CONTROL
Campo de control 20665
003 - IDENTIFICADOR DEL NÚMERO DE CONTROL
Campo de control CO-MdFUSB
005 - FECHA Y HORA DE LA ULTIMA TRANSACCIÓN
control field 20180622170553.0
008 - ELEMENTOS DE LONGITUD FIJA -- INFORMACIÓN GENERAL
Campo fijo de descripción fija -- Información general 160919t2001 xxu||||f |||| 00| 0 eng d
020 ## - NÚMERO INTERNACIONAL NORMALIZADO PARA LIBROS
Número Internacional Normalizado del libro 0-8006-3268-0
040 ## - FUENTE DE CATALOGACIÓN
Agencia de catalogación original CO-MdFUSB
Idioma de catalogación Español
Agencia que realiza la transcripción CO-MdFUSB
Agencia que realiza la modificación CO-MdFUSB
041 ## - CÓDIGO DE IDIOMA
Código de idioma para texto/pista de sonido o título separado eng
082 ## - NÚMERO DE CLASIFICACIÓN DECIMAL DEWEY
Número de la edición del Dewey 24
Número de clasificación 296.3
Clave de autor-Numero de item N496r
100 1# - ASIENTO PRINCIPAL--NOMBRE PERSONAL
Nombre personal Neusner, Jacob
Término relacionador autor
245 10 - TÍTULO
Título del Material Recovering Judaism
Parte restante del título - Subtitulo : The universal dimension of Jewish religion
Mención de responsabilidad, etc. / Jacob Neusner
264 ## - PRODUCCIÓN, PUBLICACIÓN, DISTRIBUCIÓN, MANUFACTURA, Y COPYRIGHT
Lugar de producción, publicación, distribución, manufactura Minneapolis, Minnesota :
Nombre del productor, publicador, distribuidor Fortress Press,
Fecha de producción, publicación, distribución, manufactura, o copyright 2001
300 ## - DESCRIPCIÓN FÍSICA
Extensión xiii, 201 páginas
336 ## - TIPO DE CONTENIDO
Fuente rdacontent
Término de tipo de contenido
Código de tipo de contenido
337 ## - TIPO DE MEDIO
Fuente rdamedia
Nombre del tipo de medio
Código del tipo de medio
338 ## - TIPO DE SOPORTE
Fuente rdacarrier
Nombre del tipo de soporte
Código Tipo de soporte
500 ## - NOTA GENERAL
Nota General Incluye índices (p. 195-201)
501 ## - NOTA DE “CON”
Nota de Contenido Rústico
505 00 - NOTA DE CONTENIDO
Nota de contenido con formato preestablecido El mensaje universal del monoteísmo judío - El medio legal: Desde el caso particular a la norma que rige - El mensaje jurídico: La restauración de Edén a través de Israel - El medio narrativo y exegético: Pensamiento paradigmático - El mensaje narrativo exegético: La restauración de Adán al Edén, Israel a la tierra - Israel racional : La justicia de Dios, la razón de la humanidad.
653 ## - TÉRMINO DE INDIZACIÓN - NO CONTROLADO
Término no controlado Theology -- Judaism
653 ## - TÉRMINO DE INDIZACIÓN - NO CONTROLADO
Término no controlado Teología - Judaísmo
942 ## - TIPO DE MATERIAL (KOHA)
Tipo de Item KOHA Libros General
Existencias
Estado de Material Estado de Perdido Forma de Clasificación Estado de Dañado No para Préstamo Colección Tomo Biblioteca de Origen Biblioteca Permanente Fecha de Adquisición Total de Préstamos Signatura Topográfica Código de Barras Última vez visto Ejemplar/Existencia Fecha de Remplazo Tipo de Material
    Dewey Decimal Classification     Colección General   Biblioteca FUSBC Biblioteca FUSBC 12/08/2015   G 296.3 N496r 20215 12/12/2019 Ej. 1 26/01/2016 Libros General

Biblioteca FUSBC | Teléfono: (57+4) 349 88 10 Ext. 141| WhatsApp (+57) 3005338115 
E-mail: biblioteca@unisbc.edu.co | Calle 76 87-14 Robledo Palenque, Medellín, Colombia

Con tecnología Koha